| 000 | 00555nam a2200193 i 4500 | ||
|---|---|---|---|
| 001 | bg | ||
| 100 | 1 | _aROSIŃSKA, Zofia | |
| 245 | 1 | 0 |
_aKierunki współczesnej psychologii, ich geneza i rozwój / _cZofia Rosińska, Czesław Matusewicz. |
| 260 |
_aWarszawa : _bPańst. Wydaw. Naukowe, _c1982. |
||
| 300 |
_a254 s. ; _c25 cm. |
||
| 650 | 9 | _aPsychologia | |
| 655 | _aPodręczniki akademickie | ||
| 700 | 1 | _aMATUSEWICZ, Czesław | |
| 040 | _cBPK | ||
| 041 | _apol | ||
| 080 | _a159.9(075.8) | ||
| 942 | _cKS | ||
| 008 | s pl f |000 0 pol | ||
| 999 |
_c6845 _d6845 |
||
| 856 |
_uhttp://koha.tu.koszalin.pl/cgi-bin/koha/opac-detail.pl?biblionumber=6845 _yKatalog online BPK |
||